[Event "BL2-Nord 2122"]
[Site "Germany"]
[Date "2022.07.03"]
[Round "10.8"]
[White "Lisek, Juergen"]
[Black "Armbrust, Florian"]
[Result "0-1"]
[WhiteElo "2195"]
[BlackElo "2263"]
[PlyCount "54"]
[EventDate "2022.03.05"]
[EventType "team-tourn"]
[EventRounds "10"]
[EventCountry "GER"]
[SourceTitle "EXT 2023"]
[Source "ChessBase"]
[SourceDate "2022.10.05"]
[SourceVersion "1"]
[SourceVersionDate "2022.10.05"]
[SourceQuality "1"]
[WhiteTeam "Berlin Rotation"]
[BlackTeam "Magdeburg"]
[WhiteTeamCountry "GER"]
[BlackTeamCountry "GER"]

1. e4 c5 2. Nf3 d6 3. d4 cxd4 4. Nxd4 Nf6 5. Nc3 Nc6 6. Bc4 e6 7. Be3 Be7 8. Qe2 a6 9. Bb3 Qc7 10. 0-0-0 Na5 11. g4 b5 12. g5 Nxb3+ 13. axb3 Nd7 14. h4 b4 15. Na4 Nc5 16. f3 Bd7 17. Kb1 Bxa4 18. bxa4 Nxa4 19. h5 Rb8 20. g6 Bf6 21. Qxa6 Nc3+ 22. bxc3 bxc3+ 23. Kc1 0-0 24. Nb3 Ra8 25. Qxd6 Qc4 26. Rd3 Rfb8 27. Bd4 Rxb3 0-1

[Event "Oberliga Ost-A 2122"]
[Site "Germany"]
[Date "2021.10.10"]
[Round "1.2"]
[White "Stolz, Mike"]
[Black "Armbrust, Florian"]
[Result "1-0"]
[WhiteElo "2339"]
[BlackElo "2297"]
[PlyCount "131"]
[EventDate "2021.10.10"]
[EventType "team-tourn"]
[EventRounds "11"]
[EventCountry "GER"]
[SourceTitle "EXT 2023"]
[Source "ChessBase"]
[SourceDate "2022.10.05"]
[SourceVersion "1"]
[SourceVersionDate "2022.10.05"]
[SourceQuality "1"]
[WhiteTeam "Magdeburg Rochade"]
[BlackTeam "Magdeburg Aufbau Elbe II"]
[WhiteTeamCountry "GER"]
[BlackTeamCountry "GER"]

1. e4 c5 2. Nf3 d6 3. c3 Nf6 4. Bd3 Bg4 5. h3 Bh5 6. g4 Bg6 7. Nh4 Nc6 8. Qe2 e6 9. Nxg6 hxg6 10. Bc2 d5 11. d3 dxe4 12. dxe4 Bd6 13. Na3 Qb8 14. Be3 Bf4 15. 0-0-0 g5 16. Kb1 Bxe3 17. Qxe3 Qf4 18. Qe2 a6 19. Nc4 b5 20. Nd6+ Ke7 21. Rhe1 Ne5 22. a4 bxa4 23. Nc4 a3 24. Nxa3 Rxh3 25. Nc4 Rh2 26. Rf1 Qf3 27. Qxf3 Nxf3 28. e5 Nd5 29. Be4 Nh4 30. Bxd5 exd5 31. Rxd5 Rd8 32. Rxc5 Nf3 33. Kc1 Rh4 34. Ne3 Nd2 35. Rc7+ Ke6 36. Rd1 Nb3+ 37. Kc2 Rxd1 38. Kxd1 Rh2 39. Kc2 Na1+ 40. Kb1 Nb3 41. Kc2 Na1+ 42. Kd3 Rxf2 43. b4 Kxe5 44. Rc5+ Ke6 45. Rxg5 Nb3 46. Rxg7 Nc1+ 47. Ke4 Na2 48. Kd4 Rf4+ 49. Kd3 Rf3 50. Ke4 Rf2 51. Nd5 Re2+ 52. Kf3 Rc2 53. Rg5 Nxc3 54. Nf4+ Kd6 55. Rf5 Ke7 56. Ra5 Na2 57. Nd5+ Kd7 58. Rxa6 Nc3 59. Ra7+ Kc6 60. Nf4 Nd5 61. Nxd5 Kxd5 62. Rxf7 Rc3+ 63. Kf4 Rc4+ 64. Kf5 Rxb4 65. Rd7+ Kc6 66. Rd2 1-0

[Event "GER-ch 89th"]
[Site "Dresden"]
[Date "2018.08.10"]
[Round "8"]
[White "Gschnitzer, Adrian"]
[Black "Armbrust, Florian"]
[Result "0-1"]
[WhiteElo "2333"]
[BlackElo "2300"]
[PlyCount "98"]
[EventDate "2018.08.03"]
[EventType "swiss"]
[EventRounds "9"]
[EventCountry "GER"]
[SourceTitle "CBM 185 Extra"]
[Source "ChessBase"]
[SourceDate "2018.07.29"]
[SourceVersion "1"]
[SourceVersionDate "2018.07.29"]
[SourceQuality "1"]

1. e4 c5 2. Nf3 d6 3. d4 cxd4 4. Nxd4 Nf6 5. Nc3 Nc6 6. Bg5 e6 7. Qd2 Be7 8. 0-0-0 Nxd4 9. Qxd4 0-0 10. f4 Qa5 11. e5 dxe5 12. Qxe5 Qxe5 13. fxe5 Nd5 14. Bxe7 Nxe7 15. Bd3 b6 16. Be4 Rb8 17. Rhe1 Bb7 18. Rd7 Bxe4 19. Rxe4 Nc6 20. Nb5 Rbd8 21. Rd6 Rxd6 22. exd6 a6 23. Nc7 Rd8 24. Ra4 a5 25. Nb5 Ne5 26. a3 Kf8 27. Rh4 h6 28. Kd2 f5 29. b4 axb4 30. axb4 Ke8 31. c4 Kd7 32. Kc3 Rc8 33. Rd4 Rc6 34. Rh4 Ng4 35. h3 Ne3 36. g3 Nd5+ 37. Kb3 Nf6 38. Rd4 Ne4 39. Rd1 g5 40. Ra1 Nxd6 41. Ra7+ Ke8 42. Nc7+ Kd7 43. Nd5+ Kd8 44. Ra8+ Rc8 45. Nxb6 Rxa8 46. Nxa8 f4 47. gxf4 gxf4 48. Kc3 f3 49. Kd3 Nxc4 0-1

[Event "GER-ch 89th"]
[Site "Dresden"]
[Date "2018.08.06"]
[Round "4"]
[White "Langrock, Hannes"]
[Black "Armbrust, Florian"]
[Result "1/2-1/2"]
[WhiteElo "2370"]
[BlackElo "2300"]
[PlyCount "80"]
[EventDate "2018.08.03"]
[EventType "swiss"]
[EventRounds "9"]
[EventCountry "GER"]
[SourceTitle "CBM 185 Extra"]
[Source "ChessBase"]
[SourceDate "2018.07.29"]
[SourceVersion "1"]
[SourceVersionDate "2018.07.29"]
[SourceQuality "1"]

1. d4 d5 2. Nf3 Nf6 3. g3 g6 4. Bg2 Bg7 5. c4 c6 6. cxd5 cxd5 7. Ne5 Nc6 8. 0-0 Qb6 9. Nxc6 bxc6 10. Nc3 Nd7 11. e3 0-0 12. Na4 Qb5 13. b3 Ba6 14. Bb2 Rfc8 15. Rc1 e6 16. Qd2 c5 17. dxc5 Bxb2 18. Qxb2 Nxc5 19. Nxc5 Rxc5 20. Rxc5 Qxc5 21. Rc1 Qb6 22. h4 h5 23. Qf6 Rc8 24. Rxc8+ Bxc8 25. Qc3 Bd7 26. b4 Qa6 27. a3 Bb5 28. Bf3 Qa4 29. Qc8+ Kg7 30. Qc3+ Kg8 31. Kg2 Qa6 32. Kg1 Qa4 33. g4 hxg4 34. Bxg4 Qa6 35. h5 gxh5 36. Bxh5 Be2 37. Qe5 Bxh5 38. Qxh5 Qxa3 39. Qg5+ Kf8 40. Qd8+ Kg7 1/2-1/2

[Event "Pardubice Czech op-A 28th"]
[Site "Pardubice"]
[Date "2017.07.27"]
[Round "7"]
[White "Sundararajan, Kidambi"]
[Black "Armbrust, Florian"]
[Result "1/2-1/2"]
[WhiteElo "2444"]
[BlackElo "2318"]
[PlyCount "77"]
[EventDate "2017.07.21"]
[EventType "swiss"]
[EventRounds "9"]
[EventCountry "CZE"]
[SourceTitle "CBM 179 Extra"]
[Source "ChessBase"]
[SourceDate "2017.08.23"]
[SourceVersion "1"]
[SourceVersionDate "2017.08.23"]
[SourceQuality "1"]

1. c4 Nf6 2. Nc3 g6 3. d4 Bg7 4. e4 d6 5. h3 0-0 6. Be3 Nbd7 7. Nf3 a6 8. Be2 c5 9. e5 Ne8 10. e6 fxe6 11. dxc5 Qc7 12. cxd6 exd6 13. 0-0 Ne5 14. Rc1 Nxf3+ 15. Bxf3 Bd7 16. Re1 Bc6 17. Bg4 Qf7 18. Bb6 Be5 19. Qd2 Ng7 20. b4 h5 21. Bd1 Nf5 22. Bc2 Bxg2 23. Kxg2 Nh4+ 24. Kf1 Qf3 25. Qd3 Bxc3 26. Qxf3 Rxf3 27. Rxe6 Bxb4 28. Be4 Rf7 29. Bxg6 Nxg6 30. Rxg6+ Kh7 31. Re6 Raf8 32. Rc2 Rf6 33. Rxf6 Rxf6 34. Rb2 Bc3 35. Rb3 Be5 36. Be3 Rf7 37. Ke2 Kg6 38. Rb1 Kf5 39. Kd3 1/2-1/2

[Event "Niedersachsen-ch"]
[Site "Verden"]
[Date "2017.01.05"]
[Round "2"]
[White "Armbrust, Florian"]
[Black "Mueer, Sebastian"]
[Result "1/2-1/2"]
[WhiteElo "2284"]
[BlackElo "2237"]
[PlyCount "43"]
[EventDate "2017.01.05"]
[EventType "swiss"]
[EventRounds "7"]
[EventCountry "GER"]
[SourceTitle "EXT 2018"]
[Source "ChessBase"]
[SourceDate "2017.10.13"]
[SourceVersion "1"]
[SourceVersionDate "2017.10.13"]
[SourceQuality "1"]

1. e4 c5 2. Nc3 Nc6 3. g3 g6 4. Bg2 Bg7 5. d3 d6 6. f4 e6 7. Nf3 Nge7 8. 0-0 0-0 9. Be3 b6 10. Bf2 Ba6 11. g4 d5 12. e5 f6 13. exf6 Rxf6 14. Bg3 Qd7 15. Qd2 Raf8 16. Rae1 h6 17. h4 R6f7 18. Bh3 Bc8 19. Qe2 Nd4 20. Nxd4 Bxd4+ 21. Kh2 Bg7 22. Qg2 1/2-1/2

[Event "Panevezys IM"]
[Site "Panevezys"]
[Date "2016.06.10"]
[Round "7"]
[White "Armbrust, Florian"]
[Black "Gurbanov, Andrei"]
[Result "0-1"]
[WhiteElo "2316"]
[BlackElo "2340"]
[PlyCount "82"]
[EventDate "2016.06.06"]
[EventType "tourn"]
[EventRounds "9"]
[EventCountry "LTU"]
[EventCategory "2"]
[SourceTitle "CBM 172 Extra"]
[Source "ChessBase"]
[SourceDate "2016.06.21"]
[SourceVersion "1"]
[SourceVersionDate "2016.06.21"]
[SourceQuality "1"]

1. e4 e5 2. Nf3 Nc6 3. Bb5 a6 4. Bxc6 dxc6 5. 0-0 Qf6 6. d4 exd4 7. Bg5 Qd6 8. Nxd4 Be7 9. Bxe7 Nxe7 10. Nc3 0-0 11. Nb3 Qf6 12. f4 b6 13. f5 Qe5 14. Rf3 c5 15. Qf1 f6 16. Qc4+ Kh8 17. Nd1 Bb7 18. Nf2 a5 19. a4 Ba6 20. Qc3 Qxc3 21. Rxc3 Rad8 22. Rd1 Nc6 23. Re3 Nb4 24. Na1 Rxd1+ 25. Nxd1 Rd8 26. Re1 Kg8 27. Ne3 Kf7 28. Rd1 Rd4 29. c3 Rxd1+ 30. Nxd1 Nd3 31. Nb3 Ke7 32. Nd2 c4 33. g3 Kd6 34. Kg2 Nc5 35. Ne3 Nxa4 36. Ndxc4+ Bxc4 37. Nxc4+ Kc5 38. b3 Nxc3 39. e5 fxe5 40. Nxe5 Kd5 41. Nc4 a4 0-1

[Event "Panevezys op-A 28th"]
[Site "Panevezys"]
[Date "2015.08.23"]
[Round "9"]
[White "Armbrust, Florian"]
[Black "Novikov, Vitalij"]
[Result "0-1"]
[WhiteElo "2291"]
[BlackElo "2320"]
[PlyCount "124"]
[EventDate "2015.08.17"]
[EventType "swiss"]
[EventRounds "9"]
[EventCountry "LTU"]
[SourceTitle "EXT 2016"]
[Source "ChessBase"]
[SourceDate "2015.10.08"]
[SourceVersion "1"]
[SourceVersionDate "2015.10.08"]
[SourceQuality "1"]

1. e4 e6 2. d4 d5 3. Nd2 c5 4. exd5 Qxd5 5. Ngf3 cxd4 6. Bc4 Qd6 7. 0-0 Nf6 8. Nb3 Nc6 9. Nbxd4 Nxd4 10. Nxd4 Bd7 11. b3 0-0-0 12. Bb2 Qc7 13. Qe2 Bd6 14. h3 a6 15. Nf3 Kb8 16. Rad1 Bc8 17. Rxd6 Rxd6 18. Be5 Rhd8 19. Bd3 Ka8 20. c4 Qe7 21. Bxd6 Qxd6 22. Ne5 Qc7 23. b4 g6 24. Qe3 Ne8 25. c5 Nf6 26. Bc4 Nd5 27. Bxd5 exd5 28. Nf3 Qd7 29. Rd1 Qa4 30. Qb3 Qxb3 31. axb3 h6 32. Nd4 Re8 33. b5 Kb8 34. bxa6 bxa6 35. Nc6+ Kc7 36. Nb4 Be6 37. Nxa6+ Kc6 38. b4 Re7 39. Ra1 Rb7 40. Kf1 d4 41. Ke2 Bc4+ 42. Kf3 Bd5+ 43. Ke2 Bxg2 44. Kd3 Bxh3 45. Kxd4 Be6 46. Ra5 h5 47. Ke3 g5 48. Kf3 h4 49. Kg2 g4 50. Kh2 Bc4 51. Ra1 f5 52. Rd1 Bxa6 53. Rd6+ Kb5 54. Rf6 Rb8 55. Rxf5 Bc8 56. Rh5 h3 57. Rh4 Bd7 58. Rh7 Bc6 59. Rf7 Bf3 60. Rf4 Ra8 61. Rf6 Kxb4 62. c6 Kc5 0-1

[Event "Oberliga Sued W 1415"]
[Site "Germany"]
[Date "2015.04.12"]
[Round "9.3"]
[White "Armbrust, Florian"]
[Black "Schmidt, Johannes"]
[Result "1/2-1/2"]
[WhiteElo "2311"]
[BlackElo "2215"]
[PlyCount "47"]
[EventDate "2014.09.21"]
[EventType "team-tourn"]
[EventRounds "9"]
[EventCountry "GER"]
[SourceTitle "EXT 2019"]
[Source "ChessBase"]
[SourceDate "2018.10.10"]
[SourceVersion "1"]
[SourceVersionDate "2018.10.10"]
[SourceQuality "1"]
[WhiteTeam "Schott Mainz II"]
[BlackTeam "Illingen Turm"]
[WhiteTeamCountry "GER"]
[BlackTeamCountry "GER"]

1. e4 e6 2. d4 d5 3. Nc3 Bb4 4. e5 c5 5. Bd2 Ne7 6. Nb5 Bxd2+ 7. Qxd2 0-0 8. f4 a6 9. Nd6 cxd4 10. Nf3 f6 11. exf6 Rxf6 12. Nxc8 Qxc8 13. 0-0-0 Nbc6 14. Nxd4 Nxd4 15. Qxd4 Nf5 16. Qd2 d4 17. g3 Ne3 18. Re1 Qc5 19. Bd3 b5 20. Kb1 b4 21. Be4 Rb8 22. Qd3 h6 23. Ka1 e5 24. fxe5 1/2-1/2

[Event "Hofheim Spring op-A 3rd"]
[Site "Hofheim"]
[Date "2015.04.11"]
[Round "9"]
[White "Carow, Johannes"]
[Black "Armbrust, Florian"]
[Result "1/2-1/2"]
[WhiteElo "2410"]
[BlackElo "2295"]
[PlyCount "30"]
[EventDate "2015.04.07"]
[EventType "swiss"]
[EventRounds "9"]
[EventCountry "GER"]
[SourceTitle "EXT 2016"]
[Source "ChessBase"]
[SourceDate "2015.10.08"]
[SourceVersion "1"]
[SourceVersionDate "2015.10.08"]
[SourceQuality "1"]

1. d4 Nf6 2. c4 c5 3. d5 e5 4. g3 d6 5. Bg2 Be7 6. Nf3 0-0 7. 0-0 Ne8 8. e4 g6 9. Bh6 Ng7 10. Nc3 Nd7 11. Qc1 Nf6 12. Rb1 Ng4 13. Bd2 f5 14. b4 b6 15. bxc5 bxc5 1/2-1/2

[Event "Hofheim Spring op-A 3rd"]
[Site "Hofheim"]
[Date "2015.04.10"]
[Round "7"]
[White "Goossens, Hanne"]
[Black "Armbrust, Florian"]
[Result "1/2-1/2"]
[WhiteElo "2168"]
[BlackElo "2295"]
[PlyCount "32"]
[EventDate "2015.04.07"]
[EventType "swiss"]
[EventRounds "9"]
[EventCountry "GER"]
[SourceTitle "CBM 166 Extra"]
[Source "ChessBase"]
[SourceDate "2015.06.18"]
[SourceVersion "1"]
[SourceVersionDate "2015.06.18"]
[SourceQuality "1"]

1. e4 c5 2. Nf3 d6 3. d4 cxd4 4. Nxd4 Nf6 5. Nc3 Nc6 6. Bg5 e6 7. Qd2 Be7 8. 0-0-0 Nxd4 9. Qxd4 0-0 10. f4 Qa5 11. Bc4 Bd7 12. Bb3 Bc6 13. Rhf1 h6 14. Bh4 e5 15. fxe5 dxe5 16. Qd3 Rad8 1/2-1/2

[Event "Oberliga Sued W 1314"]
[Site "Germany"]
[Date "2013.10.13"]
[Round "1.2"]
[White "Perske, Thore"]
[Black "Armbrust, Florian"]
[Result "1-0"]
[WhiteElo "2158"]
[BlackElo "2273"]
[PlyCount "45"]
[EventDate "2013.10.13"]
[EventType "team-tourn"]
[EventRounds "9"]
[EventCountry "GER"]
[SourceTitle "EXT 2015"]
[Source "ChessBase"]
[SourceDate "2014.11.20"]
[SourceVersion "1"]
[SourceVersionDate "2014.11.20"]
[SourceQuality "1"]
[WhiteTeam "Heidesheim"]
[BlackTeam "Schott Mainz II"]
[WhiteTeamCountry "GER"]
[BlackTeamCountry "GER"]

1. e4 c5 2. Nf3 d6 3. d4 cxd4 4. Nxd4 Nf6 5. Nc3 Nc6 6. Bg5 e6 7. Qd2 Be7 8. 0-0-0 Nxd4 9. Qxd4 0-0 10. f4 Qa5 11. Bc4 Bd7 12. e5 dxe5 13. fxe5 Bc6 14. Bd2 Nd7 15. Nd5 Qd8 16. Nxe7+ Qxe7 17. Bd3 Rfd8 18. Qf4 Qc5 19. Rhe1 Qd5 20. Qh4 g6 21. Bg5 Qa5 22. Bxd8 Rxd8 23. Be4 1-0

[Event "Oberliga Sued W 1213"]
[Site "Germany"]
[Date "2012.11.11"]
[Round "2.3"]
[White "Armbrust, Florian"]
[Black "Spengler, Hanno"]
[Result "1-0"]
[WhiteElo "2240"]
[BlackElo "2049"]
[PlyCount "41"]
[EventDate "2012.10.21"]
[EventType "team-tourn"]
[EventRounds "9"]
[EventCountry "GER"]
[SourceTitle "EXT 2019"]
[Source "ChessBase"]
[SourceDate "2018.10.10"]
[SourceVersion "1"]
[SourceVersionDate "2018.10.10"]
[SourceQuality "1"]
[WhiteTeam "Schott Mainz II"]
[BlackTeam "Winterbach Turm"]
[WhiteTeamCountry "GER"]
[BlackTeamCountry "GER"]

1. e4 e5 2. Nf3 Nf6 3. d4 Nxe4 4. Bd3 d5 5. Nxe5 Nd7 6. Nxd7 Bxd7 7. Nc3 Nxc3 8. bxc3 Qf6 9. 0-0 Be6 10. Rb1 0-0-0 11. Qe2 Bd6 12. Rxb7 Kxb7 13. Ba6+ Ka8 14. Bg5 Qg6 15. Bxd8 Bd7 16. Rb1 Bc6 17. Bh4 f5 18. f3 Re8 19. Qd3 Re6 20. Bc8 Re8 21. Qa6 1-0